000 01808nam0a2200397 i 4500
001 RU\NLR\bibl\1931896
005 20260406141629.0
010 _a9785699557103
_93000
021 _aRU
_b2012-23052
_9341д/12
035 _a(NLR Aleph) 001921246
090 _a3309350
_c3309350
100 _a20120803d2012 u y0rusy50 ca
101 0 _arus
102 _aRU
105 _ay |||||||||
200 1 _aСталин
_eсемейная трагедия вождя народов
_fАлексей Пиманов, Сергей Девятов, Виталий Павлов, Валентин Жиляев
210 _aМосква
_cЭксмо
_cАлгоритм
_d2012
215 _a237, [2] с.
_d21
225 1 _aСемейные кланы
300 _aНа обл. авт.: Алексей Пиманов
600 1 _aСталин
_bИ. В.
_f1879 - 1953
_gИосиф Виссарионович
_91004150
_3RU\NLR\auth\6663550
602 _aСталины (семья)
_92342568
_3RU\NLR\auth\661400128
686 _aТ3(2)7-8
686 _aФ61(2)8
701 1 _aПиманов
_bА. В.
_f1962-
_gАлексей Викторович
_4070
701 1 _4340
_7ca
_8rus
_aДевятов
_bС. В.
_f1960-
_gСергей Викторович
_9113430
_3RU\NLR\AUTH\773434
701 1 _4070
_7ca
_8rus
_aПавлов
_bВ. В.
_cписатель, режиссер
_f1952-
_gВиталий Викторович
_912860
_3RU\NLR\AUTH\7729832
701 1 _aЖиляев
_bВ. И.
_gВалентин Иванович
_4070
702 1 _4570
_7ca
_8rus
_aСталин
_bИ. В.
_f1879-1953
_gИосиф Виссарионович
_9113460
_3RU\NLR\auth\773464
801 0 _aRU
_bNLR
_c20120803
_gRCR
801 1 _aRU
_bNLR
_c20120803
830 _aавт. по кн.
942 _cBOOK
980 _aNBR